000 00257nam a22001217a 4500
008 170307b xxu||||| |||| 00| 0 eng d
041 _aeng
080 _a611
100 _a6
101 _ashm
245 _aPRIMARY ANATOMY
_cBASMAJLIAN, J.V
942 _2udc
_cBK
999 _c6986
_d6986